Obras de Santa Teresa de Jesús, fundadora de la reforma de la orden de Nuestra Señora del Carmen

Detalles Bibliográficos
Formato: Libro
Publicado: Barcelona 1852
Materias:
Colección:Banco de datos
Acervo:Biblioteca del Ex Convento de Nuestra Señora de Guadalupe. Zacatecas
Descripción Física:t. III
Tema general:Ascética
Notas:Buena. XIV,3,17 (4749). Ex libris de Fr. Francisco Galván
LEADER 00733nam a22001930004500
035 |a 46085 
036 |a 7269 
245 1 0 |a Obras de Santa Teresa de Jesús, fundadora de la reforma de la orden de Nuestra Señora del Carmen 
260 |a Barcelona  |b imp. Pablo Riera  |c 1852 
300 |a t. III 
500 |a Buena. XIV,3,17 (4749). Ex libris de Fr. Francisco Galván 
650 1 0 |a Ascética 
949 |a CRZ-CG 
959 |a Ex convento de Nuestra Señora de Guadalupe, Museo Regional de Zacatecas, Zacatecas  |b CCC4 
960 |a Convento de Nuestra Señora de Guadalupe, Zacatecas  |b DD87 
961 |a Franciscana  |b OF 
942 |c CRZ-CG 
943 |g Biblioteca del Ex Convento de Nuestra Señora de Guadalupe. Zacatecas 
999 |c 970212  |d 970212